[Event "ESP chT Honor Division 2019"]
[Site "Melilla"]
[Date "2019.10.06"]
[Round "7.22"]
[White "Franco Alonso, Alejandro"]
[Black "Tejedor Fuente, Enrique"]
[Result "1/2-1/2"]
[WhiteElo "2384"]
[BlackElo "2453"]
[Annotator "ChessBase"]
[PlyCount "89"]
[EventDate "2019.09.30"]
[EventType "team-tourn"]
[EventCountry "ESP"]
[SourceTitle "playchess.com"]
[Source "ChessBase"]
[SourceQuality "1"]
[TimeControl "40/5400+30:1800+30"]

1. d4 {[%emt 0:00:00]} Nf6 {[%emt 0:00:00]} 2. c4 {[%emt 0:00:00]} e6 {[%emt 0:00:04]} 3. Nc3 {[%emt 0:00:00]} Bb4 {[%emt 0:00:03]} 4. e3 {[%emt 0:00:00]} b6 {[%emt 0:00:30]} 5. Nge2 {[%emt 0:00:14]} Ne4 {[%emt 0:02:05]} 6. Qc2 {[%emt 0:00:51]} f5 {[%emt 0:06:07]} 7. a3 {[%emt 0:02:00]} Bxc3+ {[%emt 0:00:21]} 8. Nxc3 {[%emt 0:00:07]} Nxc3 {[%emt 0:08:01]} 9. Qxc3 {[%emt 0:00:22]} Bb7 {[%emt 0:00:18]} 10. b4 {[%emt 0:00:23]} O-O {[%emt 0:00:55]} 11. Bb2 {[%emt 0:00:13]} d6 {[%emt 0:03:27]} 12. d5 {[%emt 0:04:16]} e5 {[%emt 0:00:24]} 13. Bd3 {[%emt 0:09:35]} Nd7 {[%emt 0:00:56]} 14. O-O {[%emt 0:00:53]} Rf7 {[%emt 0:19:04]} 15. f4 {[%emt 0:01:28]} Qf8 {[%emt 0:00:08]} 16. Bc2 {[%emt 0:04:56]} Rc8 {[%emt 0:07:46]} 17. Rad1 {[%emt 0:18:06]} e4 {[%emt 0:03:10]} 18. Qd4 {[%emt 0:07:30]} Kh8 {[%emt 0:02:49]} 19. h3 {[%emt 0:05:50]} Qe7 {[%emt 0:01:14]} 20. Ba4 {[%emt 0:04:08]} Nf6 {[%emt 0:10:33]} 21. Rd2 {[%emt 0:00:48]} h6 {[%emt 0:00:13]} 22. Bd1 {[%emt 0:01:16]} Rg8 {[%emt 0:00:41]} 23. g4 {[%emt 0:01:39]} Kh7 {[%emt 0:02:59]} 24. Rg2 {[%emt 0:02:09]} g6 {[%emt 0:03:52]} 25. g5 {[%emt 0:03:46]} hxg5 {[%emt 0:04:18]} 26. Rxg5 {[%emt 0:00:11]} Kg7 {[%emt 0:01:35]} 27. Rf2 {[%emt 0:02:27]} Rff8 {[%emt 0:02:04]} 28. Rfg2 {[%emt 0:06:09]} Kf7 {[%emt 0:00:00]} 29. h4 {[%emt 0:03:15]} Rg7 {[%emt 0:01:57]} 30. Bh5 {[%emt 0:05:25]} Nxh5 {[%emt 0:09:24]} 31. Rxh5 {[%emt 0:00:19]} Ke8 {[%emt 0:00:17]} 32. Rhg5 {[%emt 0:09:30]} Rh7 {[%emt 0:00:37]} 33. Rh2 {[%emt 0:01:31]} Kd8 {[%emt 0:06:34]} 34. Bc3 {[%emt 0:00:28]} Bc8 {[%emt 0:01:04]} 35. Be1 {[%emt 0:01:07]} Bd7 {[%emt 0:01:57]} 36. a4 {[%emt 0:03:44]} Be8 {[%emt 0:00:37]} 37. Bc3 {[%emt 0:00:18]} Qd7 {[%emt 0:01:26]} 38. b5 {[%emt 0:01:42]} a5 {[%emt 0:00:00]} 39. Be1 {[%emt 0:00:40]} Rfh8 {[%emt 0:00:51]} 40. Bc3 {[%emt 0:00:43]} Rf8 {[%emt 0:00:14]} 41. Kf2 {[%emt 0:30:36]} Qe7 {[%emt 0:31:19]} 42. Qd2 {[%emt 0:00:00]} Kc8 {[%emt 0:00:00]} 43. Ke1 {[%emt 0:00:00]} Rh6 {[%emt 0:00:00]} 44. Qg2 {[%emt 0:00:00]} Qh7 {[%emt 0:00:00]} 45. Qg3 {[%emt 0:00:00]} 1/2-1/2

[Event "ESP chT Honor Division 2019"]
[Site "Melilla"]
[Date "2019.10.06"]
[Round "7.23"]
[White "Ubilava, Elizbar"]
[Black "Gonzalez De La Torre, Santiago"]
[Result "1-0"]
[WhiteElo "2481"]
[BlackElo "2423"]
[Annotator "TA"]
[PlyCount "135"]
[EventDate "2019.09.30"]
[EventType "team-tourn"]
[EventCountry "ESP"]
[SourceTitle "playchess.com"]
[Source "ChessBase"]
[SourceQuality "1"]

{[%evp 16,135,0,0,22,0,0,0,0,0,0,0,27,29,25,25,25,37,72,69,63,49,96,87,100,93,115,112,110,116,108,58,89,79,94,79,117,122,183,97,136,120,145,122,140,115,220,210,204,208,225,208,202,211,221,223,218,202,221,230,235,222,214,145,181,118,118,118,118,118,374,374,374,374,397,397,398,398,397,397,383,358,385,382,1141,1119,1119,1106,1352,1373,1373,914,4137,4137,4137,4137,4137,4137,4135,4135,4133,4133,4133,4133,3100,1442,1106,681,2377,1745,831,655,655,629,655,655,655,655,633,600,596,591]} 1. Nf3 d5 2. g3 g6 3. Bg2 Bg7 4. O-O e5 5. d3 Ne7 6. Nbd2 O-O 7. e4 Nbc6 8. exd5 Nxd5 9. Re1 Nb6 {A07: Réti Opening: New York and Capablanca Systems} (9... Re8 10. a3 Bf5 11. Ne4 b6 12. Bg5 f6 13. c4 Bxe4 14. Rxe4 Nde7 15. Bc1 Qd7 16. Re1 Rad8 17. Bf1 {0-1 (29) Mamedyarov,S (2801)-Giri,A (2782) chess.com INT 2018}) 10. Rb1 $146 ({Predecessor:} 10. Ne4 h6 11. Be3 Nd5 12. Bd2 Re8 13. Qc1 f5 14. Nc3 Nxc3 15. Bxc3 Qd6 16. Nd2 Be6 17. Bxc6 bxc6 {½-½ (76) Golubov,S (2481)-Moskalenko,A (2490) Moscow 2016}) 10... a5 11. b3 Re8 {The position is equal.} 12. Nc4 Bf5 13. Nh4 Be6 14. Bxc6 bxc6 15. Nxe5 a4 16. Bb2 (16. Nxc6 $2 Qd6 $19) 16... axb3 17. axb3 c5 18. c4 g5 {[#]} 19. Ng2 $1 f6 20. Nf3 Bf5 21. Rxe8+ Qxe8 22. Ne3 Bg6 23. Ne1 h5 24. Qf3 Qd7 25. Ra1 Re8 26. Ra7 ({Don't blunder} 26. Bxf6 $2 Rf8 $19) 26... Nc8 (26... Qd6 $16 27. Qb7 Re7) 27. Ra8 (27. Ra5 $18) 27... g4 28. Qd1 Ne7 29. Rxe8+ Bxe8 30. Qa1 Kf7 (30... Qd6 $16) 31. Qa5 $18 Qd6 32. Ba3 Nc6 33. Qxc5 Qxc5 34. Bxc5 Na5 35. b4 Nb3 36. Ba7 Bf8 37. b5 c6 38. bxc6 Bxc6 39. N1c2 Bb7 40. d4 (40. Bb6 $18) 40... Be4 $16 41. d5 Nd2 42. Nd4 Nxc4 $2 {[%mdl 8192]} (42... Bh6 $16) 43. Nxc4 $18 {[#] And now d6 would win.} Bxd5 44. Ne3 Be4 45. Ng2 Bd6 46. Nb5 Be5 47. Bd4 Bb8 48. Be3 Bd3 49. Nd4 Kg6 $2 (49... Bb1 50. Nf4 Bg6) 50. Nf4+ {White is clearly winning.} Bxf4 51. Bxf4 Ba6 52. Bc7 Bc4 53. f4 gxf3 54. Nxf3 Kf5 55. Kf2 Bd5 56. Bd8 Kg4 57. Ng1 Kf5 58. h3 Bb7 59. Ne2 Kg5 60. Nd4 Bd5 61. Ke3 Bb7 62. Ne6+ Kf5 63. Nc5 Bc6 64. Nd3 Bd5 65. Nf4 Bf7 66. Bc7 Be8 67. Kd4 Bf7 68. Nd5 {Accuracy: White = 82%, Black = 33%.} 1-0

[Event "ESP chT Honor Division 2019"]
[Site "Melilla"]
[Date "2019.10.06"]
[Round "7.24"]
[White "Argandona Riveiro, Inigo"]
[Black "Arabidze, Meri"]
[Result "0-1"]
[WhiteElo "2413"]
[BlackElo "2398"]
[Annotator "ChessBase"]
[PlyCount "64"]
[EventDate "2019.09.30"]
[EventType "team-tourn"]
[EventCountry "ESP"]
[SourceTitle "playchess.com"]
[Source "ChessBase"]
[SourceQuality "1"]
[TimeControl "40/5400+30:1800+30"]

1. e4 {[%emt 0:00:00]} e5 {[%emt 0:00:00]} 2. Nf3 {[%emt 0:00:00]} Nc6 {[%emt 0:00:00]} 3. Bc4 {[%emt 0:00:00]} Nf6 {[%emt 0:00:17]} 4. Ng5 {[%emt 0:00:00]} d5 {[%emt 0:00:27]} 5. exd5 {[%emt 0:00:00]} Na5 {[%emt 0:00:07]} 6. Bb5+ {[%emt 0:00:00]} c6 {[%emt 0:00:14]} 7. dxc6 {[%emt 0:00:00]} bxc6 {[%emt 0:00:08]} 8. Qf3 {[%emt 0:00:00]} Be7 {[%emt 0:05:10]} 9. Bd3 {[%emt 0:00:02]} h6 {[%emt 0:04:01]} 10. Ne4 {[%emt 0:00:02]} Nd5 {[%emt 0:03:32]} 11. O-O {[%emt 0:00:30]} Nf4 {[%emt 0:06:25]} 12. Re1 {[%emt 0:02:40]} Nxd3 {[%emt 0:11:11]} 13. cxd3 {[%emt 0:00:01]} O-O {[%emt 0:02:11]} 14. b3 {[%emt 0:00:02]} f5 {[%emt 0:03:23]} 15. Nec3 {[%emt 0:01:27]} Bb7 {[%emt 0:08:03]} 16. Rxe5 {[%emt 0:06:10]} c5 {[%emt 0:01:20]} 17. Qh3 {[%emt 0:01:53]} Bd6 {[%emt 0:04:08]} 18. Re3 {[%emt 0:02:23]} Nc6 {[%emt 0:07:24]} 19. Nb5 {[%emt 0:02:42]} Be5 {[%emt 0:05:16]} 20. N1c3 {[%emt 0:01:21]} Bd4 {[%emt 0:03:42]} 21. Bb2 {[%emt 0:02:28]} Bxe3 {[%emt 0:03:15]} 22. dxe3 {[%emt 0:00:11]} Qxd3 {[%emt 0:01:32]} 23. Qg3 {[%emt 0:03:27]} Rad8 {[%emt 0:01:47]} 24. h3 {[%emt 0:01:41]} f4 {[%emt 0:03:27]} 25. exf4 {[%emt 0:01:58]} Qxg3 {[%emt 0:00:23]} 26. fxg3 {[%emt 0:00:01]} Rd2 {[%emt 0:00:57]} 27. Bc1 {[%emt 0:00:03]} Rc2 {[%emt 0:00:47]} 28. Nd6 {[%emt 0:04:06]} Ba8 {[%emt 0:06:04]} 29. Nce4 {[%emt 0:00:54]} Nd4 {[%emt 0:00:29]} 30. Kf1 {[%emt 0:00:30]} Bxe4 {[%emt 0:02:20]} 31. Nxe4 {[%emt 0:00:30]} Re8 {[%emt 0:00:14]} 32. Nd2 {[%emt 0:00:04]} Ne2 0-1